| 000 | 00760nam a2200229 4500 | ||
|---|---|---|---|
| 003 | LK-CoMWRAF | ||
| 005 | 20230921142434.0 | ||
| 008 | 230921b1997 |||||||| |||| 00| 0 eng d | ||
| 020 | _a1856494020 | ||
| 040 |
_aLK-CoMWRAF _dLK-CoMWRAF _eLK-CoMWRAF |
||
| 041 | _aeng | ||
| 082 |
_a339.4 _bCHO |
||
| 100 | _aChossudovsky, Michel | ||
| 245 |
_aThe globalisation of poverty: _b impacts of IMF and World Bank reforms |
||
| 260 |
_aNew York: _bZed books, _c1997 |
||
| 300 |
_a280 p. ; 22 cm. _bBibliography and index included |
||
| 650 | _aINTERNATIONAL MONETARY FUND-Developing countries | ||
| 650 | _aInternational Monetary Fund--Europe, Eastern. . | ||
| 650 | _aWorld Bank--Developing countries. | ||
| 650 | _aPoverty--Developing countries | ||
| 942 | _cBK | ||
| 999 |
_c3592 _d3592 |
||